Het licht der wereld. (Record no. 3783)

MARC details
000 -LEADER
fixed length control field 00655cam a22002171 4500
001 - CONTROL NUMBER
control field af 47006989
003 - CONTROL NUMBER IDENTIFIER
control field DLC
005 - DATE AND TIME OF LATEST TRANSACTION
control field 20260227110840.0
008 - FIXED-LENGTH DATA ELEMENTS--GENERAL INFORMATION
fixed length control field 780425s1942 ne 000 1 dut c
010 ## - LIBRARY OF CONGRESS CONTROL NUMBER
LC control number af 47006989
040 ## - CATALOGING SOURCE
Original cataloging agency Cornell Univ. Library
Transcribing agency NIC
Modifying agency DLC
041 1# - LANGUAGE CODE
Language code of text/sound track or separate title dut
Language code of original ice
050 00 - LIBRARY OF CONGRESS CALL NUMBER
Classification number PT7511.L3
Item number L5
100 0# - MAIN ENTRY--PERSONAL NAME
Personal name Halldór Laxness,
Dates associated with a name 1902-1998.
240 10 - UNIFORM TITLE
Uniform title Heimsljós.
Language of a work Dutch
245 14 - TITLE STATEMENT
Title Het licht der wereld.
Statement of responsibility, etc. Geautoriseerde vertaling uit het IJslandsch van Annie Posthumus.
260 ## - PUBLICATION, DISTRIBUTION, ETC.
Place of publication, distribution, etc. Den Haag,
Name of publisher, distributor, etc. A. M. C. Stok
Date of publication, distribution, etc. [1942]
300 ## - PHYSICAL DESCRIPTION
Extent 231 p.
Other physical details col. front.
Dimensions 24 cm.
440 #0 - SERIES STATEMENT/ADDED ENTRY--TITLE
Title Cultuur-serie
700 1# - ADDED ENTRY--PERSONAL NAME
Personal name Posthumus, Annie,
Relator term tr.

No items available.

Powered by Koha